Salta al contenuto

Страноведение Великобритании (начальный уровень) учебно-методическое пособие

В данном пособии приведена технология по ознакомлению учащихся начального уровня с культурой Великобритании, представлены подробные конспекты занятий с детьми старшего дошкольного и младшего школьного возраста по ознакомлению с культурой Великобритании. Адресовано студентам ННГУ, обучающимся по напр...

Descrizione completa

Salvato in:
Dettagli Bibliografici
Autore principale: Хусяинова Ю. Н.
Natura: Книга
Lingua:Russian
Pubblicazione: Нижний Новгород ННГУ им. Н. И. Лобачевского 2021
Accesso online:https://e.lanbook.com/book/282932
https://e.lanbook.com/img/cover/book/282932.jpg
Tags: Aggiungi Tag
Nessun Tag, puoi essere il primo ad aggiungerne! !
LEADER 02233nam0a2200265 i 4500
001 282932
003 RuSpLAN
005 20221220174212.0
008 221220s2021 ru gs 000 0 rus
040 |a RuSpLAN 
041 0 |a rus 
044 |a ru 
080 |a 372.881.111.1 
084 |a Ч426.819=111 Х-98  |2 rubbk 
245 0 0 |a Страноведение Великобритании (начальный уровень)  |b учебно-методическое пособие  |c Хусяинова Ю. Н. 
260 |a Нижний Новгород  |b ННГУ им. Н. И. Лобачевского  |c 2021 
300 |a 101 с. 
500 |a Рекомендовано методической комиссией института филологии и журналистики для студентов, обучающихся по направлению подготовки 45.03.01 «Филология» 
504 |a Библиогр.: доступна в карточке книги, на сайте ЭБС Лань 
520 8 |a В данном пособии приведена технология по ознакомлению учащихся начального уровня с культурой Великобритании, представлены подробные конспекты занятий с детьми старшего дошкольного и младшего школьного возраста по ознакомлению с культурой Великобритании. Адресовано студентам ННГУ, обучающимся по направлению 45.03.01 «Филология», студентам педагогических направлений, а также педагогам дошкольных образовательных учреждений и учителям начальной школы. 
521 8 |a Книга из коллекции ННГУ им. Н. И. Лобачевского - Языкознание и литературоведение 
100 1 |a Хусяинова Ю. Н. 
856 4 |u https://e.lanbook.com/book/282932 
856 4 8 |u https://e.lanbook.com/img/cover/book/282932.jpg 
953 |a https://e.lanbook.com/img/cover/book/282932.jpg